[Event "CCT Play-in Chessable Masters 2024"]
[Site "Online"]
[Date "2024.01.31"]
[Round "1"]
[White "Mitrabha, Guha"]
[Black "Elsa167"]
[Result "1/2-1/2"]
[WhiteElo "2504"]
[BlackElo "2331"]
[Annotator "NA"]
[PlyCount "155"]
[EventDate "2024.01.26"]
[EventType "swiss"]
[EventCountry "NET"]
[SourceTitle "playchess.com"]
[Source "ChessBase"]
[SourceQuality "1"]

1. Nf3 Nf6 2. c4 g6 3. g3 Bg7 4. Bg2 O-O 5. O-O d6 6. Nc3 e5 7. d3 Nc6 8. Rb1 a5 9. a3 h6 10. b4 axb4 11. axb4 Be6 12. b5 Ne7 13. e4 c6 14. Bb2 Nd7 15. Ra1 Nc5 16. Qc2 Qc7 17. h3 f5 18. exf5 gxf5 19. Rxa8 Rxa8 20. Re1 Qd7 21. Kh2 Ng6 22. bxc6 bxc6 23. Ne2 Ra2 24. Ra1 Qa7 25. Rxa2 Qxa2 26. Nc1 Qa4 27. Qxa4 Nxa4 28. Ba3 e4 29. dxe4 fxe4 30. Nd2 d5 31. cxd5 cxd5 32. Ncb3 Ne5 33. Kg1 Nd3 34. Bf1 Ne5 35. Nd4 Bd7 36. N2b3 Nb6 37. Ba6 Bxh3 38. Bb7 Nec4 39. Bc5 Bf8 40. Nb5 Bc8 41. Bxc8 Nxc8 42. Bd4 Kf7 43. Kg2 Ne7 44. Nc3 Bg7 45. f3 exf3+ 46. Kxf3 Bxd4 47. Nxd4 Kf6 48. Kf4 Ng6+ 49. Kg4 Ne7 50. Kh5 Ke5 51. Nf3+ Kd6 52. g4 Ne5 53. Nd4 Nxg4 54. Kxg4 Nc6 55. Nf5+ Kc5 56. Kf4 d4 57. Ne4+ Kc4 58. Nfd6+ Kd5 59. Nb5 d3 60. Ke3 Ne5 61. Nbc3+ Ke6 62. Kf4 Ng6+ 63. Ke3 Ne5 64. Kd4 Ng4 65. Kxd3 h5 66. Ke2 h4 67. Kf3 Nf6 68. Ng5+ Kf5 69. Nh3 Ke5 70. Ne2 Nd5 71. Kg4 Ke4 72. Neg1 Ne3+ 73. Kg5 Nd5 74. Kxh4 Nf4 75. Ng5+ Kf5 76. N1f3 Ng6+ 77. Kg3 Ne5 78. Nxe5 1/2-1/2

[Event "CCT Play-in Chessable Masters 2024"]
[Site "Online"]
[Date "2024.01.31"]
[Round "1"]
[White "Samadov, Read"]
[Black "Lazavik, Denis"]
[Result "1/2-1/2"]
[WhiteElo "2502"]
[BlackElo "2566"]
[Annotator "RC"]
[PlyCount "91"]
[EventDate "2024.01.26"]
[EventType "swiss"]
[EventCountry "NET"]
[SourceTitle "playchess.com"]
[Source "ChessBase"]
[SourceQuality "1"]

1. Nf3 d5 2. d4 Nf6 3. c4 e6 4. g3 Bb4+ 5. Bd2 Be7 6. Bg2 O-O 7. O-O Nbd7 8. Qc2 c6 9. Bf4 h6 10. Rd1 a5 11. Nc3 dxc4 12. Nd2 Nd5 13. Nxc4 Nxf4 14. gxf4 Nf6 15. e3 Nd5 16. Ne4 Bd7 17. Ne5 Be8 18. a3 Rc8 19. Nd3 b6 20. Rac1 f6 21. Kh1 Bg6 22. Rg1 c5 23. dxc5 bxc5 24. Bf3 Bh7 25. b3 Kh8 26. Qe2 Qb6 27. Nd2 Rfd8 28. Be4 Bxe4+ 29. Nxe4 Bf8 30. Nd2 Qa6 31. Nc4 Qb7 32. e4 Ne7 33. Nxa5 Qb5 34. Nc4 Qxb3 35. Rg3 Qb7 36. Qf3 Qd7 37. Nb6 Qa7 38. Nxc8 Rxc8 39. Nb2 Nc6 40. Nc4 Nd4 41. Qg4 Qb7 42. Re1 Nc2 43. Re2 Nd4 44. Re1 Nc2 45. Re2 Nd4 46. Re1 1/2-1/2

[Event "CCT Play-in Chessable Masters 2024"]
[Site "Online"]
[Date "2024.01.31"]
[Round "1"]
[White "Angry_Twin"]
[Black "Sargsyan_Shant"]
[Result "1-0"]
[WhiteElo "2498"]
[BlackElo "2651"]
[Annotator "TA"]
[PlyCount "111"]
[EventDate "2024.01.26"]
[EventType "swiss"]
[EventCountry "NET"]
[SourceTitle "playchess.com"]
[Source "ChessBase"]
[SourceQuality "1"]

1. e4 e5 2. Nf3 Nc6 3. Bc4 Nf6 4. d3 Be7 5. O-O O-O 6. Re1 d6 7. a4 Be6 8. a5 a6 9. Nbd2 Qd7 10. c3 h6 11. h3 Rfe8 12. Qb3 Nd8 13. Nf1 Bf8 14. Ng3 g6 15. Be3 Bg7 16. Bxe6 Qxe6 17. Qc2 c5 18. d4 cxd4 19. cxd4 Rc8 20. Qd2 Kh7 21. d5 Qd7 22. Qb4 Ng8 23. Rac1 Ne7 24. Rxc8 Nxc8 25. Rc1 f5 26. Bb6 Nxb6 27. Qxb6 f4 28. Rc7 Qa4 29. Nf1 Qxe4 30. Qxd6 Qf5 31. Nh4 Qg5 32. Qd7 Rg8 33. Nf3 Qf6 34. N1d2 Kh8 35. Ne4 Qf5 36. Nfd2 f3 37. g3 h5 38. h4 Qf8 39. Qe7 Qf5 40. Rd7 Qf8 41. Ng5 Qxe7 42. Rxe7 Rf8 43. Nde4 Kg8 44. Rd7 Nf7 45. Ne6 Rc8 46. Nxg7 Rc1+ 47. Kh2 Nh6 48. Nf6+ Kh8 49. Ne6 Ng4+ 50. Nxg4 hxg4 51. Re7 Rc2 52. d6 Rxf2+ 53. Kg1 Rd2 54. d7 e4 55. d8=Q+ Rxd8 56. Nxd8 1-0

[Event "CCT Play-in Chessable Masters 2024"]
[Site "Online"]
[Date "2024.01.31"]
[Round "1"]
[White "Zhuu96"]
[Black "Vidit, Santosh Gujrathi"]
[Result "0-1"]
[WhiteElo "2497"]
[BlackElo "2742"]
[Annotator "NA"]
[PlyCount "60"]
[EventDate "2024.01.26"]
[EventType "swiss"]
[EventCountry "NET"]
[SourceTitle "playchess.com"]
[Source "ChessBase"]
[SourceQuality "1"]

1. e4 c5 2. Nf3 e6 3. d4 cxd4 4. Nxd4 Nf6 5. Nc3 Nc6 6. Ndb5 d6 7. Bf4 e5 8. Bg5 a6 9. Na3 b5 10. Nd5 Be7 11. Bxf6 Bxf6 12. c3 Bg5 13. Nc2 Rb8 14. a4 bxa4 15. Ncb4 Nxb4 16. Nxb4 Bd7 17. Bxa6 Qa5 18. Qd3 Rxb4 19. cxb4 Qxb4+ 20. Kf1 O-O 21. h4 Bd8 22. Bc4 Bb6 23. g3 Rc8 24. Rc1 Be6 25. Bxe6 Rxc1+ 26. Kg2 Rxh1 27. Qd5 fxe6 28. Qxe6+ Kf8 29. Qc8+ Ke7 30. Qb7+ Kf6 0-1

[Event "CCT Play-in Chessable Masters 2024"]
[Site "Online"]
[Date "2024.01.31"]
[Round "1"]
[White "Troff, Kayden"]
[Black "Bosiocic, Marin"]
[Result "0-1"]
[WhiteElo "2484"]
[BlackElo "2549"]
[Annotator "RC"]
[PlyCount "114"]
[EventDate "2024.01.26"]
[EventType "swiss"]
[EventCountry "NET"]
[SourceTitle "playchess.com"]
[Source "ChessBase"]
[SourceQuality "1"]

1. Nf3 d5 2. g3 Bg4 3. Bg2 e6 4. O-O c6 5. d4 Nd7 6. Nbd2 Ngf6 7. Re1 Be7 8. e4 O-O 9. c4 a5 10. b3 a4 11. Bb2 Qa5 12. h3 Bh5 13. Rc1 Bb4 14. g4 Bg6 15. e5 Ne4 16. Re2 Nc3 17. Bxc3 Bxc3 18. Nf1 a3 19. Nh4 Bb2 20. Nxg6 fxg6 21. Rcc2 Rf4 22. Red2 Qb6 23. Nh2 Bxd4 24. Nf3 Bb2 25. cxd5 cxd5 26. Qe2 Raf8 27. Ng5 Kh8 28. Qe3 Bd4 29. Rxd4 Rxd4 30. Kh2 Rb4 31. Qc1 h6 32. Nf3 Rbf4 33. Rc8 Kh7 34. Rxf8 Rxf8 35. Kg3 Nc5 36. Kh2 Ne4 37. Qxa3 Rf7 38. Qb2 Qxf2 39. Qxf2 Nxf2 40. Nd4 Re7 41. Bf1 Kg8 42. Kg2 Ne4 43. Bd3 g5 44. Kf3 Nc5 45. Bg6 Nd7 46. Ke3 Nxe5 47. Bc2 Kf7 48. Nb5 Nc6 49. Nd6+ Kf6 50. a3 Ke5 51. Nb5 Rf7 52. Bg6 Rf1 53. Nc7 Rh1 54. Bf7 Rxh3+ 55. Kf2 Nd4 56. b4 Rxa3 57. Kg2 Rb3 0-1

[Event "CCT Play-in Chessable Masters 2024"]
[Site "Online"]
[Date "2024.01.31"]
[Round "1"]
[White "Cardoso Cardoso, Jose Gabriel"]
[Black "Oparin, Grigoriy"]
[Result "0-1"]
[WhiteElo "2477"]
[BlackElo "2664"]
[Annotator "RC"]
[PlyCount "104"]
[EventDate "2024.01.26"]
[EventType "swiss"]
[EventCountry "NET"]
[SourceTitle "playchess.com"]
[Source "ChessBase"]
[SourceQuality "1"]

1. e4 c5 2. Nc3 Nc6 3. Bb5 Nd4 4. Nf3 e6 5. O-O a6 6. Bd3 Nc6 7. Nd5 d6 8. Ne3 g6 9. c3 Bg7 10. Bc2 e5 11. d4 exd4 12. cxd4 cxd4 13. Nd5 h6 14. Bf4 Nge7 15. Qd2 Bg4 16. Bd1 Bxf3 17. Bxf3 g5 18. Bg3 O-O 19. Nxe7+ Qxe7 20. Rfe1 Qe6 21. h3 Be5 22. Bg4 Qf6 23. Rac1 Rad8 24. Kh2 Rfe8 25. Rcd1 Re7 26. Qc2 Rde8 27. Qb3 Qxf2 28. Bxe5 Nxe5 29. Bf5 d3 30. Rf1 Qc2 31. Qb4 Qc5 32. Qb3 Kg7 33. Rd2 Rc7 34. Rdf2 Qd4 35. Rd2 Ree7 36. Qd1 Nc4 37. Rxd3 Qe5+ 38. Rg3 Ne3 39. Qf3 Nxf1+ 40. Qxf1 Rc2 41. h4 Rxb2 42. hxg5 hxg5 43. Qf3 Re8 44. Bg4 Rh8+ 45. Bh5 f6 46. Qg4 Qe8 47. Rh3 Qc8 48. Qf3 Qe6 49. Rg3 Rxa2 50. Kg1 Ra1+ 51. Kh2 Qe5 52. Qg4 Ra3 0-1

[Event "CCT Play-in Chessable Masters 2024"]
[Site "Online"]
[Date "2024.01.31"]
[Round "1"]
[White "Klekowski, Maciej"]
[Black "So, Wesley"]
[Result "0-1"]
[WhiteElo "2477"]
[BlackElo "2757"]
[Annotator "TA"]
[PlyCount "114"]
[EventDate "2024.01.26"]
[EventType "swiss"]
[EventCountry "NET"]
[SourceTitle "playchess.com"]
[Source "ChessBase"]
[SourceQuality "1"]

1. c4 e5 2. g3 Nf6 3. Nc3 Bb4 4. Bg2 O-O 5. e4 d6 6. Nge2 Bg4 7. h3 Bxe2 8. Nxe2 Nc6 9. a3 Bc5 10. b4 Bb6 11. Bb2 h5 12. O-O h4 13. g4 Re8 14. Kh1 g5 15. Rc1 Nd7 16. b5 Ne7 17. d4 Ng6 18. a4 a6 19. Qc2 axb5 20. axb5 Qf6 21. Rcd1 Red8 22. Qd2 exd4 23. f4 gxf4 24. Nxf4 Nxf4 25. Rxf4 Qg5 26. Qf2 Ra2 27. Rf5 Qe7 28. Rd2 Rxb2 29. Rxb2 Ne5 30. Qf4 Ng6 31. Qh6 Qf8 32. Qg5 d3 33. Rd2 Ra8 34. Rf1 Ra3 35. e5 Qg7 36. Bd5 Nxe5 37. Qd8+ Qf8 38. Qg5+ Qg7 39. Qd8+ Qf8 40. Qxh4 Be3 41. Rxd3 Rxd3 42. Be4 Qh6 43. Qxh6 Bxh6 44. Bxd3 Nxd3 45. Ra1 Ne5 46. Ra7 Be3 47. Rxb7 Bb6 48. Rb8+ Kg7 49. Kg2 Nxc4 50. Ra8 d5 51. h4 d4 52. Kf3 d3 53. Rd8 d2 54. g5 Ba5 55. h5 Nb2 56. h6+ Kh7 57. Ke2 d1=Q+ 0-1

[Event "CCT Play-in Chessable Masters 2024"]
[Site "Online"]
[Date "2024.01.31"]
[Round "1"]
[White "Budisavljevic, Luka"]
[Black "Muradli, Mahammad"]
[Result "1/2-1/2"]
[WhiteElo "2475"]
[BlackElo "2555"]
[Annotator "RC"]
[PlyCount "73"]
[EventDate "2024.01.26"]
[EventType "swiss"]
[EventCountry "NET"]
[SourceTitle "playchess.com"]
[Source "ChessBase"]
[SourceQuality "1"]

1. d4 Nf6 2. c4 e6 3. Nc3 Bb4 4. Qc2 d5 5. cxd5 exd5 6. Bg5 O-O 7. e3 h6 8. Bh4 c5 9. dxc5 Be6 10. Nf3 Nbd7 11. a3 Bxc3+ 12. Qxc3 g5 13. Bg3 Ne4 14. Qc2 Ndxc5 15. Be2 Rc8 16. O-O d4 17. Nxd4 Nxg3 18. hxg3 Nb3 19. Qe4 Bd5 20. Qf5 Nxd4 21. exd4 Be6 22. Qe4 Bd5 23. Qf5 Be6 24. Qe4 Bd5 25. Qd3 Bc4 26. Qd2 Bxe2 27. Qxe2 Qxd4 28. Rad1 Qf6 29. Rd7 Rfe8 30. Qf3 Qxf3 31. gxf3 b5 32. Rxa7 Rc2 33. b4 Ree2 34. Rb7 Rc3 35. Kg2 Rxa3 36. Rxb5 Rb2 37. g4 1/2-1/2

[Event "CCT Play-in Chessable Masters 2024"]
[Site "Online"]
[Date "2024.01.31"]
[Round "1"]
[White "Vasquez Schroeder, Rodrigo"]
[Black "Karthik Venkataraman"]
[Result "1-0"]
[WhiteElo "2475"]
[BlackElo "2609"]
[Annotator "RC"]
[PlyCount "83"]
[EventDate "2024.01.26"]
[EventType "swiss"]
[EventCountry "NET"]
[SourceTitle "playchess.com"]
[Source "ChessBase"]
[SourceQuality "1"]

1. e4 c5 2. Nf3 d6 3. d4 cxd4 4. Nxd4 Nf6 5. Nc3 a6 6. Bg5 Nbd7 7. Bc4 Qb6 8. Bb3 e6 9. Bxf6 Nxf6 10. Qd2 Bd7 11. O-O-O O-O-O 12. Kb1 Kb8 13. f3 g6 14. g4 Be7 15. h4 Bc8 16. h5 Qc7 17. hxg6 hxg6 18. Rh6 Rdg8 19. Rdh1 Rxh6 20. Rxh6 Bf8 21. Rh1 g5 22. Nde2 Nd7 23. Rh7 Ne5 24. Nd4 Qd8 25. a3 Qf6 26. Qe3 Be7 27. Na4 Bd8 28. Qc3 Rh8 29. Rxh8 Qxh8 30. Qe3 Qh3 31. Qf2 Bd7 32. Nc3 Bb6 33. Nce2 Bc5 34. Qe3 Bb5 35. c3 Qf1+ 36. Ka2 Bxd4 37. Nxd4 Bd3 38. Bc2 Bxc2 39. Nxc2 Nxf3 40. Qb6 Qc4+ 41. Ka1 Nd2 42. Qxd6+ 1-0

[Event "CCT Play-in Chessable Masters 2024"]
[Site "Online"]
[Date "2024.01.31"]
[Round "1"]
[White "adotand"]
[Black "Bortnyk, Oleksandr"]
[Result "0-1"]
[WhiteElo "2462"]
[BlackElo "2622"]
[Annotator "RC"]
[PlyCount "80"]
[EventDate "2024.01.26"]
[EventType "swiss"]
[EventCountry "NET"]
[SourceTitle "playchess.com"]
[Source "ChessBase"]
[SourceQuality "1"]

1. e4 Nf6 2. e5 Nd5 3. d4 d6 4. Nf3 dxe5 5. Nxe5 c6 6. Bc4 Nd7 7. Nf3 N7f6 8. h3 Bf5 9. O-O e6 10. Re1 Bd6 11. Bf1 O-O 12. a3 b5 13. Nbd2 Rb8 14. Nb3 Qe7 15. Ne5 Rfc8 16. Na5 Qc7 17. b4 c5 18. Nac6 Bxe5 19. Nxe5 cxb4 20. axb4 Nxb4 21. Bf4 Nxc2 22. Rc1 Nd5 23. Bg3 Qb7 24. Nxf7 Kxf7 25. Re5 Ncb4 26. Rc5 Rxc5 27. dxc5 Rc8 28. Qh5+ Kg8 29. Bh2 Nc6 30. Re1 a5 31. g4 Bg6 32. Qg5 Qe7 33. Qd2 Qxc5 34. Bg2 b4 35. Rxe6 Nd4 36. Re1 Nc3 37. h4 b3 38. h5 Be4 39. h6 Bxg2 40. Kxg2 Qc6+ 0-1

[Event "CCT Play-in Chessable Masters 2024"]
[Site "Online"]
[Date "2024.01.31"]
[Round "1"]
[White "Golubev, Mikhail"]
[Black "Deac, Bogdan-Daniel"]
[Result "0-1"]
[WhiteElo "2461"]
[BlackElo "2690"]
[Annotator "TA"]
[PlyCount "50"]
[EventDate "2024.01.26"]
[EventType "swiss"]
[EventCountry "NET"]
[SourceTitle "playchess.com"]
[Source "ChessBase"]
[SourceQuality "1"]

1. e4 c6 2. Nf3 d5 3. d3 Nd7 4. Nbd2 Qc7 5. d4 dxe4 6. Nxe4 Ngf6 7. Nxf6+ Nxf6 8. Bc4 Bf5 9. O-O e6 10. h3 Bd6 11. Re1 O-O-O 12. Qe2 h6 13. a4 Nd5 14. Ne5 g5 15. a5 a6 16. c3 Rdg8 17. Ra4 h5 18. g4 hxg4 19. hxg4 Bxe5 20. dxe5 Nf4 21. Bxf4 gxf4 22. f3 Rh3 23. Qg2 Rg3 24. Qxg3 fxg3 25. gxf5 Qe7 0-1

[Event "CCT Play-in Chessable Masters 2024"]
[Site "Online"]
[Date "2024.01.31"]
[Round "1"]
[White "Fernandez, Daniel"]
[Black "Bharath Subramaniyam H"]
[Result "0-1"]
[WhiteElo "2424"]
[BlackElo "2515"]
[Annotator "RC"]
[PlyCount "80"]
[EventDate "2024.01.26"]
[EventType "swiss"]
[EventCountry "NET"]
[SourceTitle "playchess.com"]
[Source "ChessBase"]
[SourceQuality "1"]

1. e4 e5 2. Nf3 Nc6 3. Bb5 a6 4. Ba4 Nf6 5. O-O d6 6. c3 Bd7 7. Re1 g6 8. d4 Bg7 9. Nbd2 O-O 10. Nf1 exd4 11. cxd4 b5 12. Bb3 Bg4 13. Be3 Na5 14. h3 Nxb3 15. axb3 Bd7 16. Bg5 h6 17. Bh4 Qc8 18. e5 Nd5 19. Rc1 Qb7 20. Ne3 Be6 21. Ng4 Bxg4 22. hxg4 Rfe8 23. Qc2 dxe5 24. dxe5 Re6 25. Nd4 Nf4 26. Nc6 Rae8 27. Bg3 Nd3 28. Qxd3 Rxc6 29. Qd7 Ree6 30. Rcd1 Qa8 31. Rc1 Bf8 32. Bf4 Rxc1 33. Rxc1 c5 34. Rd1 Qe4 35. Qc8 Qxf4 36. Rd8 Kg7 37. Rxf8 Qxe5 38. Rg8+ Kh7 39. g3 Qf6 40. Kg2 Re2 0-1

[Event "CCT Play-in Chessable Masters 2024"]
[Site "Online"]
[Date "2024.01.31"]
[Round "1"]
[White "Matinian, Nikita"]
[Black "shimastream"]
[Result "0-1"]
[WhiteElo "2418"]
[BlackElo "2601"]
[Annotator "RC"]
[PlyCount "74"]
[EventDate "2024.01.26"]
[EventType "swiss"]
[EventCountry "NET"]
[SourceTitle "playchess.com"]
[Source "ChessBase"]
[SourceQuality "1"]

1. e4 b6 2. d4 Bb7 3. Bd3 e6 4. Nd2 c5 5. c3 Nf6 6. Qe2 Nc6 7. Ngf3 d5 8. e5 Nd7 9. Nf1 cxd4 10. cxd4 Nb4 11. Bb5 Rc8 12. Ne3 a6 13. Ba4 Nxa2 14. Bd2 Nb4 15. O-O Be7 16. Ng5 Nc6 17. Nf3 b5 18. Bc2 Qb6 19. Qd3 a5 20. Rfc1 b4 21. Nf1 Ba6 22. Qe3 O-O 23. Ng3 b3 24. Bxb3 Rc7 25. Nh5 Rfc8 26. Nxg7 Kxg7 27. Qh6+ Kg8 28. Bc2 Nf8 29. Ng5 Bxg5 30. Bxg5 f5 31. exf6 Nxd4 32. Be3 Qxb2 33. Qg5+ Kh8 34. h4 Rf7 35. Rab1 Ne2+ 36. Kh2 Qxf6 37. Qxf6+ Rxf6 0-1

[Event "CCT Play-in Chessable Masters 2024"]
[Site "Online"]
[Date "2024.01.31"]
[Round "1"]
[White "BrandonJacobson"]
[Black "Vaibhav, Suri"]
[Result "1-0"]
[WhiteElo "2406"]
[BlackElo "2596"]
[Annotator "RC"]
[PlyCount "105"]
[EventDate "2024.01.26"]
[EventType "swiss"]
[EventCountry "NET"]
[SourceTitle "playchess.com"]
[Source "ChessBase"]
[SourceQuality "1"]

1. d4 Nf6 2. c4 e6 3. Nc3 Bb4 4. e3 O-O 5. Bd3 d5 6. a3 Bxc3+ 7. bxc3 c5 8. cxd5 Nxd5 9. Ne2 b6 10. O-O Ba6 11. e4 Bxd3 12. Qxd3 Nf6 13. Bg5 Nbd7 14. Rad1 h6 15. Bh4 cxd4 16. cxd4 Qc7 17. f4 Rac8 18. f5 Qc2 19. e5 Nd5 20. f6 Qxd3 21. Rxd3 gxf6 22. exf6 Kh7 23. Ng3 Rg8 24. h3 Rc2 25. Rdf3 b5 26. R1f2 Rc4 27. Rd2 a5 28. Ne4 Ne5 29. Rb3 Rc1+ 30. Kh2 Nc4 31. Ra2 Nce3 32. Ng3 Nc3 33. Rf2 a4 34. Rb4 Ned5 35. Rbb2 Rg6 36. Rfc2 Ra1 37. Ne2 Nxe2 38. Rxe2 Rxa3 39. Be1 Rxf6 40. Rxb5 Ra1 41. Bh4 Rff1 42. Rb7 a3 43. Rxe6 Kg7 44. Ra6 Ne3 45. Rba7 Rf5 46. Rxa3 Rxa3 47. Rxa3 Nc2 48. Rd3 Rf4 49. Bg3 Rf5 50. d5 Kf8 51. d6 Ke8 52. d7+ Kd8 53. Bc7+ 1-0

[Event "CCT Play-in Chessable Masters 2024"]
[Site "Online"]
[Date "2024.01.31"]
[Round "1"]
[White "TomsKantans"]
[Black "Malakhov, Vladimir"]
[Result "0-1"]
[WhiteElo "2402"]
[BlackElo "2648"]
[Annotator "TA"]
[PlyCount "78"]
[EventDate "2024.01.26"]
[EventType "swiss"]
[EventCountry "NET"]
[SourceTitle "playchess.com"]
[Source "ChessBase"]
[SourceQuality "1"]

1. e4 e5 2. Nf3 Nc6 3. d4 exd4 4. Nxd4 Bc5 5. Nb3 Bb6 6. Nc3 d6 7. Bf4 Nf6 8. Qd2 O-O 9. O-O-O a5 10. a4 Be6 11. Kb1 Nb4 12. Nd4 d5 13. Nxe6 fxe6 14. exd5 Nfxd5 15. Nxd5 Qxd5 16. Qxd5 Nxd5 17. Bc1 Rxf2 18. g3 c6 19. Bh3 Re8 20. Rde1 e5 21. Bf1 e4 22. Bc4 e3 23. h4 Re4 24. Bb3 Kf8 25. c3 h5 26. Bc2 Re5 27. Bd3 Nf6 28. Re2 Ne4 29. Rg1 Nc5 30. Bc4 Re4 31. Bxe3 Rxe2 32. Rf1+ Ke7 33. Bg5+ Kd7 34. Bxe2 Rxe2 35. Rf7+ Ke8 36. Rxg7 Nxa4 37. Rxb7 Rxb2+ 38. Ka1 Rb5 39. Bf6 Bd8 0-1

[Event "CCT Play-in Chessable Masters 2024"]
[Site "Online"]
[Date "2024.01.31"]
[Round "1"]
[White "Novik, Maxim"]
[Black "Banusz, Tamas"]
[Result "1-0"]
[WhiteElo "2399"]
[BlackElo "2621"]
[Annotator "RC"]
[PlyCount "61"]
[EventDate "2024.01.26"]
[EventType "swiss"]
[EventCountry "NET"]
[SourceTitle "playchess.com"]
[Source "ChessBase"]
[SourceQuality "1"]

1. e4 e5 2. Nf3 d6 3. Bc4 Nf6 4. d3 Be7 5. O-O O-O 6. Re1 Nc6 7. c3 Be6 8. Bb5 h6 9. Nbd2 a6 10. Ba4 b5 11. Bc2 Nb8 12. Nf1 Nbd7 13. Ng3 c5 14. h3 Re8 15. d4 exd4 16. cxd4 Nf8 17. b3 d5 18. e5 N6d7 19. dxc5 Bxc5 20. Be3 Qb6 21. Qd2 Rac8 22. Rad1 Bxe3 23. Rxe3 Rc7 24. Nd4 Rec8 25. Bb1 Ng6 26. Nh5 Ngxe5 27. Rg3 g5 28. Kh2 Rc1 29. Rxc1 Rxc1 30. Qxc1 Qxd4 31. f4 1-0

[Event "CCT Play-in Chessable Masters 2024"]
[Site "Online"]
[Date "2024.01.31"]
[Round "1"]
[White "kpio91"]
[Black "Lagarde, Maxime"]
[Result "1-0"]
[WhiteElo "2349"]
[BlackElo "2642"]
[Annotator "NA"]
[PlyCount "53"]
[EventDate "2024.01.26"]
[EventType "swiss"]
[EventCountry "NET"]
[SourceTitle "playchess.com"]
[Source "ChessBase"]
[SourceQuality "1"]

1. e4 e5 2. Nf3 Nc6 3. Bb5 f5 4. d3 fxe4 5. dxe4 Nf6 6. O-O Bc5 7. Bxc6 bxc6 8. Nxe5 O-O 9. Nc3 d6 10. Nd3 Bd4 11. Ne2 Bb6 12. Bg5 Qe8 13. Bxf6 Rxf6 14. Ng3 Qf7 15. Kh1 Ba6 16. e5 Rh6 17. Qg4 dxe5 18. Nxe5 Qe6 19. Nf5 Rxh2+ 20. Kxh2 Qxe5+ 21. f4 Qf6 22. Rfe1 Rf8 23. Ne7+ Kh8 24. Re6 Qxb2 25. Rd1 Qxa2 26. Qf5 Ra8 27. Rh6 1-0

[Event "CCT Play-in Chessable Masters 2024"]
[Site "Online"]
[Date "2024.01.31"]
[Round "1"]
[White "Janosik, Gyorgy"]
[Black "Vokhidov, Shamsiddin"]
[Result "0-1"]
[WhiteElo "2235"]
[BlackElo "2596"]
[Annotator "RC"]
[PlyCount "88"]
[EventDate "2024.01.26"]
[EventType "swiss"]
[EventCountry "NET"]
[SourceTitle "playchess.com"]
[Source "ChessBase"]
[SourceQuality "1"]

1. d4 Nf6 2. c4 e6 3. Nc3 Bb4 4. Qc2 d5 5. cxd5 exd5 6. Bg5 h6 7. Bh4 Nc6 8. e3 g5 9. Bg3 h5 10. Bb5 h4 11. Be5 O-O 12. Bxc6 bxc6 13. h3 Ne4 14. a3 Bxc3+ 15. bxc3 Bf5 16. Qc1 Rb8 17. Ne2 f6 18. Bh2 Qe7 19. O-O Rb3 20. c4 Rfb8 21. cxd5 cxd5 22. f3 Nd6 23. Nc3 Qe6 24. Re1 Rb2 25. Ra2 Rxa2 26. Nxa2 Rb1 27. Qc3 Nb5 28. Qd2 Rxe1+ 29. Qxe1 Nxd4 30. Bxc7 Nc2 31. Qc3 d4 32. Qb2 dxe3 33. Nc3 Kg7 34. Ne2 Bd3 35. Nc1 e2 36. Nxd3 Qe3+ 37. Kh2 Qxd3 38. Ba5 Qf5 39. Qb7+ Kg6 40. Qxa7 Qe5+ 41. Kh1 e1=Q+ 42. Bxe1 Qxe1+ 43. Kh2 Qe5+ 44. Kh1 Ne3 0-1

[Event "CCT Play-in Chessable Masters 2024"]
[Site "Online"]
[Date "2024.01.31"]
[Round "1"]
[White "Nemegejas"]
[Black "Nesterov, Arseniy"]
[Result "1-0"]
[WhiteElo "2153"]
[BlackElo "2584"]
[Annotator "RC"]
[PlyCount "59"]
[EventDate "2024.01.26"]
[EventType "swiss"]
[EventCountry "NET"]
[SourceTitle "playchess.com"]
[Source "ChessBase"]
[SourceQuality "1"]

1. d4 d5 2. c4 e6 3. Nc3 Nf6 4. cxd5 exd5 5. Bg5 c6 6. e3 Be7 7. Bd3 O-O 8. Nge2 Re8 9. h3 Nbd7 10. Qc2 a5 11. O-O Nf8 12. Rae1 g6 13. f3 Ne6 14. Bh4 b5 15. Bf2 Bb7 16. e4 dxe4 17. fxe4 b4 18. Na4 c5 19. dxc5 Rc8 20. Kh1 Nd7 21. Bb5 Nexc5 22. Bxc5 Bxc5 23. Rd1 Bxe4 24. Qb3 Qg5 25. Ng3 Kh8 26. Nxe4 Rxe4 27. Bxd7 Re3 28. Qc4 Rc7 29. Nxc5 Rxc5 30. Qxf7 1-0

[Event "CCT Play-in Chessable Masters 2024"]
[Site "Online"]
[Date "2024.01.31"]
[Round "1"]
[White "Mileo, Miguelito"]
[Black "Theodorou, Nikolas"]
[Result "1-0"]
[WhiteElo "1721"]
[BlackElo "2627"]
[Annotator "RC"]
[PlyCount "85"]
[EventDate "2024.01.26"]
[EventType "swiss"]
[EventCountry "NET"]
[SourceTitle "playchess.com"]
[Source "ChessBase"]
[SourceQuality "1"]

1. e4 c5 2. Nf3 Nc6 3. d4 cxd4 4. Nxd4 Nf6 5. Nc3 e5 6. Ndb5 d6 7. Bg5 a6 8. Na3 b5 9. Nab1 Ne7 10. Bd3 b4 11. Ne2 d5 12. Nd2 Bb7 13. Ng3 Qc7 14. O-O dxe4 15. Ndxe4 Nxe4 16. Bxe4 f6 17. Qh5+ g6 18. Qf3 fxg5 19. Bxb7 Ra7 20. Be4 Bg7 21. c3 Rf8 22. Qd1 bxc3 23. Rc1 Qd7 24. Qb3 Qb5 25. Qxc3 Rd7 26. Bc2 Nd5 27. Qa3 Rf4 28. Ne4 Qb4 29. Qxb4 Nxb4 30. Ba4 Rxe4 31. Rc7 Red4 32. Rxd7 Kf8 33. Rc1 Rxd7 34. Bxd7 Nxa2 35. Rc4 Ke7 36. Ba4 a5 37. Rc7+ Kf8 38. Bb3 Nb4 39. Rf7+ Kg8 40. Ra7+ Kf8 41. Rxa5 e4 42. Ra8+ Ke7 43. Ra7+ 1-0

[Event "CCT Play-in Chessable Masters 2024"]
[Site "Online"]
[Date "2024.01.31"]
[Round "2"]
[White "Firouzja, Alireza"]
[Black "Bharath Subramaniyam H"]
[Result "1/2-1/2"]
[WhiteElo "2759"]
[BlackElo "2515"]
[Annotator "TA"]
[PlyCount "139"]
[EventDate "2024.01.26"]
[EventType "swiss"]
[EventCountry "NET"]
[SourceTitle "playchess.com"]
[Source "ChessBase"]
[SourceQuality "1"]

1. e4 e5 2. Nf3 Nc6 3. Bb5 a6 4. Ba4 Nf6 5. O-O d6 6. c3 Bd7 7. d4 g6 8. Re1 Bg7 9. Bc2 O-O 10. Nbd2 Nh5 11. Nb3 exd4 12. cxd4 Bg4 13. Be3 a5 14. a4 Nb4 15. Bb1 c5 16. h3 Bxf3 17. Qxf3 Rc8 18. Ra3 Qb6 19. dxc5 dxc5 20. Nd2 Qe6 21. Rc3 b6 22. Qe2 Bxc3 23. bxc3 Nc6 24. g4 Ng7 25. f4 Rfd8 26. Nc4 Nd4 27. cxd4 cxd4 28. Ne5 dxe3 29. Ba2 Qf6 30. Bxf7+ Kh8 31. Qxe3 g5 32. Rf1 gxf4 33. Qxf4 Qxf4 34. Rxf4 Rf8 35. Rf6 Rc5 36. Nd7 Rc1+ 37. Kg2 Rd8 38. Ne5 Ne8 39. Rxb6 Nc7 40. Kg3 Kg7 41. g5 Rc5 42. Bd5 Nxd5 43. exd5 Rcxd5 44. Rb7+ Kg8 45. Kf4 Rd4+ 46. Ke3 Rxa4 47. Ng4 Ra3+ 48. Kf4 Kh8 49. Nh6 Rf8+ 50. Kg4 Raf3 51. h4 a4 52. Ra7 a3 53. Kh5 Rb8 54. Ng4 Rfb3 55. Kh6 R8b7 56. Ra8+ Rb8 57. Ra7 R8b7 58. Ra8+ Rb8 59. Ra5 R3b6+ 60. Nf6 Rf8 61. Rxa3 Rbxf6+ 62. gxf6 Rxf6+ 63. Kg5 Kg7 64. Ra7+ Rf7 65. Rxf7+ Kxf7 66. h5 Kg8 67. h6 Kh8 68. Kf6 Kg8 69. Ke7 Kh8 70. Kf7 1/2-1/2